000 00663nam a2200241Ia 4500
003 OSt
005 20220925220623.0
006 a|||||r|||| 00| 0
007 ta
008 220923b |||||||| |||| 00| 0 eng d
037 _cGeneral Book
040 _aRTL
_cRTL
_beng
041 _2eng
_aeng
082 _aY31:434.1(X).N7, L6
100 _aGriffin Keith
245 0 _aLand concentration and rural poverty
260 _aLondon
_bMacmillan
_c1976
300 _a303p
_ccm.
500 _aBibliography P 277-96
650 _aRural Sociology
942 _hY31:434.1(X).N7, L6
_cGB
_2CC
999 _c571918
_d571918